000 01094cam a2200289 a 4500
001 203739
005 20160928130907.0
008 990512s2000 maua b 001 0 eng
010 _a 99063448
020 _a0072909994 (student ed.)
040 _aDLC
_cDLC
_dDLC
050 0 0 _aHG4026
_b.B667 2000
082 0 0 _aDC 658.15
_22000
_bB74p
100 1 _aBrealey, Richard A.
245 1 0 _aPrinciples of corporate finance/
_cRichard A. Brealey and Stewart C. Myers.
250 _a6th edition
260 _aBoston:
_bIrwin/McGraw-Hill,
_cc2000.
300 _axxvi, 1093 pages:
_billustrations (some colored);
_c26 cm.
440 4 _aThe Irwin/McGraw-Hill series in finance, insurance, and real estate
504 _aIncludes bibliographical references and index.
650 0 _aCorporations
_xFinance.
700 _aMyers, Stewart C.
_915385
_eAuthor
365 _b2880.00
_cPhp
906 _a7
_bcbc
_corignew
_d1
_eopcn
_f19
_gy-gencatlg
942 _2ddc
_cDC
999 _c4878
_d4878